000 nam a22 7a 4500
999 _c20447
_d20447
008 170119b xxu||||| |||| 00| 0 eng d
020 _a9781285852214
050 _aHF 5686 .C8H36 2015
100 _aHansen, Don R.
245 _aCornerstoens cost management/
_cDon R. Hansen and Maryanne M. Mowen.
250 _a3rd ed.
260 _aAustralia:
_bCengage learning,
_c2015.
300 _aiii, Various paging. :
_bill. ;
_c28cm.
500 _aInclude index.
650 _aCost accounting.
650 _aManagement accounting.
700 _aMowen, maryanne M.
942 _2lcc
_cBOOKS
_hHF 5686 .C8H36 2015